| 000 | 00803nam a22002655i 4500 | ||
|---|---|---|---|
| 001 | 10607 | ||
| 003 | ES-MaACL | ||
| 005 | 20250902063048.0 | ||
| 007 | t| | ||
| 008 | 930519s1994 sp ||||0| spa j | ||
| 020 | _a84-309-2515-5 | ||
| 040 |
_aM-BN _bspa _cM-BN |
||
| 080 | _a349.2(460)(075.8) | ||
| 100 | 1 |
_aMontoya Melgar, Alfredo _982712 |
|
| 245 | 1 | 0 |
_aDerecho del trabajo / _cAlfredo Montoya Melgar. |
| 250 | _a15ª ed. | ||
| 260 |
_aMadrid : _bTecnos, _c1994. |
||
| 300 |
_a804 p ; _c24 cm. |
||
| 490 | 1 | _aBiblioteca universitaria de Editorial Tecnos | |
| 504 | _aBibliografía. Indice. | ||
| 650 | 0 | 4 |
_aDerecho laboral- _zEspaña _911726 |
| 830 | 0 |
_aBiblioteca universitaria de Editorial Tecnos _9178819 |
|
| 852 |
_aES-MaACL _jL-18004 _bR.123959 |
||
| 999 |
_c10607 _d10607 |
||